| 000 | 00582nam a22002177a 4500 | ||
|---|---|---|---|
| 003 | BUBTL | ||
| 008 | 221116b ||||| |||| 00| 0 eng d | ||
| 020 | _a9788130912950 | ||
| 082 | _a822.33/ Sh152t/ 2010 | ||
| 100 |
_91990 _aShakespeare |
||
| 245 |
_aTwelfth Night : _bShakespeare |
||
| 250 | _a1st Edn | ||
| 260 |
_aNew York _bViva Books _cc2010 |
||
| 300 |
_a[xii],232p. : _b23 cm |
||
| 500 | _aIncludes Index | ||
| 650 | 0 |
_91994 _aEnglish Literature |
|
| 700 |
_91990 _aShakespeare |
||
| 856 |
_k0 _l0 _yDownload |
||
| 942 |
_2ddc _cBK |
||
| 999 |
_c6785 _d6785 |
||